[Event "Plzen, JF A"]
[Site "?"]
[Date "1998.??.??"]
[Round "4.7"]
[White "Macharacek, S."]
[Black "Domlatil, J."]
[Result "1/2-1/2"]
[WhiteElo "2006"]
[BlackElo "2085"]
[PlyCount "60"]
[EventDate "1998.??.??"]
[Source "ChessBase"]
[SourceDate "1996.11.15"]

1. e4 e6 2. d4 d5 3. Nc3 Bb4 4. a3 Bxc3+ 5. bxc3 dxe4 6. Qg4 Nf6 7. Qxg7 Rg8 8.
Qh6 c5 9. Qe3 Nc6 10. Bb2 Bd7 11. O-O-O Qa5 12. Ne2 O-O-O 13. Ng3 Nd5 14. Qd2
cxd4 15. cxd4 Qxd2+ 16. Rxd2 e3 17. Re2 exf2 18. Ne4 Be8 19. Rxf2 Rg4 20. Bd3
Nf4 21. Nf6 Nxd3+ 22. cxd3 Rg6 23. Re1 Bd7 24. d5 exd5 25. Nxd5 Be6 26. Nf4 Rg4
27. Nxe6 fxe6 28. Kc2 Nd4+ 29. Bxd4 Rgxd4 30. Re3 R8d7 1/2-1/2

[Event "Plzen, JF A"]
[Site "?"]
[Date "1998.??.??"]
[Round "4.9"]
[White "Koutecky, V."]
[Black "Weiss, O."]
[Result "0-1"]
[WhiteElo "1834"]
[BlackElo "2062"]
[PlyCount "78"]
[EventDate "1998.??.??"]
[Source "ChessBase"]
[SourceDate "1996.11.15"]

1. e4 e6 2. d4 d5 3. Nc3 Bb4 4. Bd3 c5 5. exd5 Qxd5 6. Bd2 Bxc3 7. Bxc3 Nf6 8.
Qf3 cxd4 9. Qxd5 Nxd5 10. Bxd4 O-O 11. c3 Nc6 12. Bc5 Rd8 13. O-O-O b6 14. Ba3
Bb7 15. Ne2 Rac8 16. Rd2 Ne5 17. Rhd1 Nxd3+ 18. Rxd3 Ba6 19. R3d2 Bxe2 20. Rxe2
Nf4 21. Red2 Rxd2 22. Rxd2 Nxg2 23. Rd7 Ra8 24. Bd6 Nh4 25. Rb7 h5 26. Bb8 Nf3
27. b4 g5 28. a4 Kg7 29. a5 bxa5 30. b5 h4 31. Bxa7 Nxh2 32. b6 h3 33. Rb8 Nf3
34. Rxa8 h2 35. b7 h1=Q+ 36. Kb2 Nd2 37. Rg8+ Kf6 38. Bd4+ Kf5 39. Kc2 Qxb7 0-1

[Event "Plzen, JF A"]
[Site "?"]
[Date "1998.??.??"]
[Round "4.10"]
[White "Jirka, J."]
[Black "Brychta, J."]
[Result "1-0"]
[WhiteElo "2200"]
[BlackElo "2048"]
[PlyCount "69"]
[EventDate "1998.??.??"]
[Source "ChessBase"]
[SourceDate "1996.11.15"]

1. d4 Nf6 2. g3 g6 3. Bg2 Bg7 4. c4 O-O 5. Nc3 d6 6. Nf3 Nc6 7. d5 Na5 8. Nd2
c5 9. O-O a6 10. Qc2 Rb8 11. b3 b5 12. Bb2 bxc4 13. bxc4 e5 14. Nd1 Nd7 15. Bc3
f5 16. Qa4 Nb7 17. Qxa6 e4 18. Qa3 Bxc3 19. Qxc3 Na5 20. f3 exf3 21. exf3 Ba6
22. Re1 Ne5 23. Bf1 f4 24. Re4 g5 25. g4 Rf7 26. h3 Rfb7 27. Rc1 Rb4 28. Rxe5
dxe5 29. Qxe5 Bc8 30. Bd3 R8b6 31. Ne4 Nb7 32. Nxg5 h6 33. Bh7+ Kf8 34. Qh8+
Ke7 35. Qg7+ 1-0

[Event "Plzen, JF A"]
[Site "?"]
[Date "1998.??.??"]
[Round "4.11"]
[White "Dvorak, T."]
[Black "Jirovsky, P."]
[Result "0-1"]
[WhiteElo "2110"]
[BlackElo "2380"]
[PlyCount "82"]
[EventDate "1998.??.??"]
[Source "ChessBase"]
[SourceDate "1996.11.15"]

1. e4 c5 2. Nf3 a6 3. c4 Nc6 4. d4 cxd4 5. Nxd4 d6 6. Nc3 g6 7. Be3 Bg7 8. Be2
Nf6 9. O-O O-O 10. Qd2 Bd7 11. f3 Nxd4 12. Bxd4 Qa5 13. Rfd1 Rfc8 14. Bxf6 Bxf6
15. Nd5 Qc5+ 16. Kh1 Be6 17. Nxf6+ exf6 18. Rac1 Rc6 19. f4 f5 20. exf5 Qxf5
21. Bf3 Rb6 22. Rc3 a5 23. a4 Rb4 24. b3 Ra6 25. Re1 Rab6 26. Bd1 d5 27. Bc2
Qf6 28. cxd5 Rxf4 29. Kg1 Rd4 30. Qe3 Rxd5 31. Be4 Rdd6 32. Qc1 Qd4+ 33. Kh1
Bxb3 34. Rd3 Qf6 35. Rf3 Qd8 36. Qc5 Rb4 37. h3 Be6 38. Bc2 Rc4 39. Qf2 Rd2 40.
Re2 Rdxc2 41. Rxc2 Qd1+ 0-1

[Event "Plzen, JF A"]
[Site "?"]
[Date "1998.??.??"]
[Round "4.12"]
[White "Paramonov, D."]
[Black "Konigova, P."]
[Result "1-0"]
[WhiteElo "2200"]
[BlackElo "1896"]
[PlyCount "79"]
[EventDate "1998.??.??"]
[Source "ChessBase"]
[SourceDate "1996.11.15"]

1. e4 e5 2. Nf3 Nc6 3. Bb5 Bc5 4. O-O Nd4 5. Nxd4 Bxd4 6. c3 Bb6 7. d4 c6 8.
Bc4 d6 9. Kh1 Nf6 10. dxe5 dxe5 11. Qe2 Ng4 12. g3 O-O 13. f3 Nf6 14. Bg5 h6
15. Be3 Bxe3 16. Qxe3 Qe7 17. Na3 Be6 18. Rad1 b5 19. Bxe6 Qxe6 20. b3 Qe7 21.
Nc2 a5 22. Qb6 Qe6 23. Qc5 Rfd8 24. Ne3 a4 25. bxa4 Rxd1 26. Rxd1 Qxa2 27. Qxc6
Qxa4 28. c4 Rb8 29. Qd6 Re8 30. c5 b4 31. Qb6 b3 32. c6 Qa3 33. Rb1 Qa2 34.
Qxb3 Qe2 35. Ng2 Rc8 36. Qb7 Rd8 37. h3 Rd1+ 38. Rxd1 Qxd1+ 39. Kh2 Qxf3 40. c7
1-0

[Event "Plzen, JF A"]
[Site "?"]
[Date "1998.??.??"]
[Round "4.13"]
[White "Fiala, R."]
[Black "Brychta, D."]
[Result "1/2-1/2"]
[WhiteElo "1961"]
[BlackElo "2140"]
[PlyCount "91"]
[EventDate "1998.??.??"]
[Source "ChessBase"]
[SourceDate "1996.11.15"]

1. e4 c5 2. Nf3 e6 3. d4 cxd4 4. Nxd4 Nf6 5. Nc3 d6 6. Bg5 a6 7. f4 b5 8. e5
dxe5 9. fxe5 Qc7 10. Bxf6 gxf6 11. exf6 Qe5+ 12. Nde2 Qxf6 13. Qd4 Qxd4 14.
Nxd4 Bb7 15. Nb3 Ra7 16. Kf2 Rg8 17. Rg1 b4 18. Nd1 Nd7 19. Ne3 Nf6 20. g3 Ne4+
21. Ke2 Bg7 22. Rb1 a5 23. Bg2 a4 24. Nd2 Ba6+ 25. Ke1 Nxd2 26. Kxd2 Rd7+ 27.
Ke1 Bb5 28. Bf1 Bxf1 29. Rxf1 Ke7 30. Rf4 Rb8 31. Ke2 h5 32. Rd1 Bxb2 33. Rxd7+
Kxd7 34. Rxf7+ Ke8 35. Ra7 a3 36. Ra5 h4 37. Rg5 Rb7 38. gxh4 Bf6 39. Rg4 Bc3
40. Nd1 Bf6 41. Nf2 Be5 42. h3 Rc7 43. Kd1 Rd7+ 44. Ke2 Rc7 45. Kd1 Rd7+ 46.
Ke2 1/2-1/2

[Event "Plzen, JF A"]
[Site "?"]
[Date "1998.??.??"]
[Round "4.14"]
[White "Kracik, D."]
[Black "Vaculik, M."]
[Result "0-1"]
[WhiteElo "1895"]
[BlackElo "2130"]
[PlyCount "52"]
[EventDate "1998.??.??"]
[Source "ChessBase"]
[SourceDate "1996.11.15"]

1. e4 c5 2. d4 cxd4 3. Nf3 e6 4. c3 Nf6 5. e5 Nd5 6. Nxd4 Qc7 7. f4 a6 8. c4
Bb4+ 9. Kf2 Nb6 10. a3 Be7 11. Be3 d6 12. Nf3 dxe5 13. Nxe5 Bf6 14. Nc3 O-O 15.
Ne4 Bxe5 16. fxe5 Qxe5 17. Bd3 Nxc4 18. Bxc4 Qxe4 19. Bd3 Qh4+ 20. g3 Qf6+ 21.
Kg2 Bd7 22. Rf1 Bc6+ 23. Kg1 Qxb2 24. Bc2 Qe5 25. Bd4 Qd5 26. Kf2 e5 0-1

[Event "Plzen, JF A"]
[Site "?"]
[Date "1998.??.??"]
[Round "4.15"]
[White "Cedikova, K."]
[Black "Kolar, J."]
[Result "1/2-1/2"]
[WhiteElo "2055"]
[BlackElo "1999"]
[PlyCount "48"]
[EventDate "1998.??.??"]
[Source "ChessBase"]
[SourceDate "1996.11.15"]

1. d4 Nf6 2. c4 e6 3. Nf3 b6 4. g3 Ba6 5. b3 b5 6. Nbd2 Bb4 7. Qc2 O-O 8. Bg2
bxc4 9. bxc4 d5 10. O-O c6 11. Bb2 Nbd7 12. Rac1 Rc8 13. Qa4 Qa5 14. Qxa5 Bxa5
15. Ba3 Rfe8 16. Nb3 Bb6 17. Nfd2 h6 18. Rfe1 Red8 19. e4 dxe4 20. Nxe4 Nxe4
21. Bxe4 Nf6 22. Be7 Rd7 23. Bxf6 gxf6 24. Red1 Bb7 1/2-1/2

[Event "Plzen, JF A"]
[Site "?"]
[Date "1998.??.??"]
[Round "4.16"]
[White "Krejci, J."]
[Black "Hrbolka, L."]
[Result "1-0"]
[WhiteElo "2140"]
[BlackElo "2075"]
[PlyCount "55"]
[EventDate "1998.??.??"]
[Source "ChessBase"]
[SourceDate "1996.11.15"]

1. e4 c5 2. Nf3 d6 3. d4 cxd4 4. Nxd4 Nf6 5. Nc3 a6 6. Be3 e5 7. Nb3 Be6 8. Qd2
Be7 9. f3 d5 10. exd5 Nxd5 11. Nxd5 Qxd5 12. Qxd5 Bxd5 13. O-O-O Bxb3 14. axb3
Nc6 15. Bc4 b5 16. Bd5 Rc8 17. Bxc6+ Rxc6 18. Rd5 Bf6 19. Bc5 Bg5+ 20. Kb1 f6
21. h4 Bf4 22. g3 Bh6 23. g4 Bf4 24. h5 h6 25. Rhd1 Kf7 26. Rd7+ Kg8 27. Bf8
Rh7 28. Rd8 1-0

[Event "Plzen, JF A"]
[Site "?"]
[Date "1998.??.??"]
[Round "4.17"]
[White "Pirklova, H."]
[Black "Soukup, J."]
[Result "1/2-1/2"]
[WhiteElo "1854"]
[BlackElo "2140"]
[PlyCount "83"]
[EventDate "1998.??.??"]
[Source "ChessBase"]
[SourceDate "1996.11.15"]

1. e4 e5 2. Nf3 Nc6 3. Bb5 Bc5 4. O-O Nd4 5. Nxd4 Bxd4 6. c3 Bb6 7. d4 c6 8.
Bc4 d6 9. dxe5 dxe5 10. Qf3 Qf6 11. Nd2 Qg6 12. Bb3 Nf6 13. Nc4 Bc7 14. Re1 h5
15. Qg3 Qxg3 16. hxg3 b5 17. Nd2 h4 18. gxh4 Rxh4 19. Nf3 Rxe4 20. Bxf7+ Ke7
21. Rxe4 Nxe4 22. Bg6 Nf6 23. Bg5 Bg4 24. Be4 Bd7 25. Re1 Kf7 26. Bc2 Re8 27.
Bb3+ Kg6 28. Bc2+ Kf7 29. Bb3+ Nd5 30. c4 bxc4 31. Bxc4 e4 32. Nd2 Bf5 33. Rc1
Bb6 34. Bb3 Re6 35. Rxc6 Rxc6 36. Bxd5+ Re6 37. Bxe6+ Kxe6 38. Kf1 Bd4 39. b3
Bc3 40. Nc4 Bg4 41. Ne3 Bh5 42. Bf4 1/2-1/2

[Event "Plzen, JF A"]
[Site "?"]
[Date "1998.??.??"]
[Round "4.18"]
[White "Starostits, A."]
[Black "Herskovic, R."]
[Result "1-0"]
[WhiteElo "2140"]
[BlackElo "1955"]
[PlyCount "59"]
[EventDate "1998.??.??"]
[Source "ChessBase"]
[SourceDate "1996.11.15"]

1. e4 c6 2. Nc3 d5 3. Nf3 Bg4 4. h3 Bxf3 5. Qxf3 d4 6. Nb1 g6 7. Bc4 e6 8. d3
Bg7 9. O-O Nd7 10. Qe2 Ne7 11. a4 O-O 12. Bf4 Ne5 13. Bb3 c5 14. Nd2 N7c6 15.
Bg3 a6 16. f4 Nd7 17. f5 exf5 18. exf5 Re8 19. Qf2 g5 20. Ne4 Bf8 21. h4 h6 22.
hxg5 hxg5 23. Qd2 Rxe4 24. dxe4 Nde5 25. f6 Bh6 26. Bh4 Ng4 27. Bxg5 Qd6 28.
Rf4 Nce5 29. Bxh6 Nxh6 30. Rh4 1-0

[Event "Plzen, JF A"]
[Site "?"]
[Date "1998.??.??"]
[Round "4.19"]
[White "Decka, E."]
[Black "Hodova, L."]
[Result "1-0"]
[WhiteElo "2100"]
[BlackElo "1744"]
[PlyCount "47"]
[EventDate "1998.??.??"]
[Source "ChessBase"]
[SourceDate "1996.11.15"]

1. e4 e5 2. Bc4 Nf6 3. d3 Nc6 4. Nc3 Bc5 5. f4 d6 6. Nf3 Bg4 7. Na4 Bb6 8. Nxb6
axb6 9. c3 Qe7 10. O-O h6 11. Qe1 O-O 12. fxe5 dxe5 13. Nh4 Kh7 14. b4 Nb8 15.
Nf5 Bxf5 16. Rxf5 Nbd7 17. Qh4 Rh8 18. Bg5 Kg8 19. Bxf6 Nxf6 20. Raf1 Rh7 21.
Qg3 Kf8 22. Rxe5 Qd7 23. Ref5 c6 24. Qf3 1-0

[Event "Plzen, JF A"]
[Site "?"]
[Date "1998.??.??"]
[Round "4.20"]
[White "Blecha, M."]
[Black "Rozmbersky, D."]
[Result "1-0"]
[WhiteElo "2070"]
[BlackElo "2110"]
[PlyCount "81"]
[EventDate "1998.??.??"]
[Source "ChessBase"]
[SourceDate "1996.11.15"]

1. e4 e6 2. d4 d5 3. Nc3 Bb4 4. e5 c5 5. a3 Bxc3+ 6. bxc3 Qc7 7. Qg4 f5 8. Qg3
Ne7 9. Qxg7 Rg8 10. Qxh7 cxd4 11. Kd1 Bd7 12. Qh5+ Kd8 13. Ne2 Ba4 14. Nf4 Qxc3
15. Ra2 Na6 16. Nxe6+ Kd7 17. Bd2 Qc6 18. Nf4 Nc5 19. Qf3 Rac8 20. Bd3 Ne4 21.
h4 Qh6 22. Rb2 b6 23. Bc1 Rc3 24. e6+ Kd8 25. Ke1 Nc6 26. Qd1 Rxa3 27. Bxe4
fxe4 28. e7+ Kd7 29. Nxd5 Qe6 30. Qh5 Ra1 31. Kd1 Nxe7 32. Nxe7 Kxe7 33. Re1
Kd6 34. g3 Rf8 35. Qe2 Qh6 36. f4 Bc6 37. Qg4 Be8 38. Qg5 Bh5+ 39. Kd2 Qxg5 40.
hxg5 Ra3 41. Rxb6+ 1-0

[Event "Plzen, JF A"]
[Site "?"]
[Date "1998.??.??"]
[Round "4.21"]
[White "Tokmachev, V."]
[Black "Posta, P."]
[Result "1-0"]
[WhiteElo "1950"]
[BlackElo "2065"]
[PlyCount "31"]
[EventDate "1998.??.??"]
[Source "ChessBase"]
[SourceDate "1996.11.15"]

1. e4 e5 2. Nf3 Nc6 3. Nc3 Nf6 4. d4 exd4 5. Nxd4 Bb4 6. Nxc6 bxc6 7. Bd3 Qe7
8. O-O O-O 9. Bg5 Bxc3 10. bxc3 Qe5 11. f4 Qxc3 12. e5 Nd5 13. Qh5 g6 14. Qh6
d6 15. f5 Qxe5 16. f6 1-0

[Event "Plzen, JF A"]
[Site "?"]
[Date "1998.??.??"]
[Round "4.23"]
[White "Vagner, T."]
[Black "Micanek, T."]
[Result "1/2-1/2"]
[WhiteElo "1759"]
[BlackElo "1914"]
[PlyCount "45"]
[EventDate "1998.??.??"]
[Source "ChessBase"]
[SourceDate "1996.11.15"]

1. e4 c5 2. Nf3 Nc6 3. Bb5 g6 4. O-O Bg7 5. Bxc6 dxc6 6. d3 Nf6 7. h3 O-O 8.
Qe2 Qc7 9. Re1 e5 10. Bg5 h6 11. Bxf6 Bxf6 12. Qe3 Qb6 13. b3 Bg7 14. Nbd2 a5
15. Nc4 Qa7 16. Rad1 Re8 17. Nd6 Re6 18. Nxc8 Rxc8 19. Nh2 b6 20. Qg3 a4 21. h4
axb3 22. axb3 Qa2 23. Re2 1/2-1/2

[Event "Plzen, JF A"]
[Site "?"]
[Date "1998.??.??"]
[Round "5.5"]
[White "Mach, P."]
[Black "Kalod, R."]
[Result "0-1"]
[WhiteElo "1953"]
[BlackElo "2435"]
[PlyCount "72"]
[EventDate "1998.??.??"]
[Source "ChessBase"]
[SourceDate "1996.11.15"]

1. e4 c5 2. Nf3 d6 3. d4 cxd4 4. Nxd4 Nf6 5. Nc3 a6 6. a4 Nc6 7. Be2 e6 8. Be3
Be7 9. O-O O-O 10. Nb3 b6 11. f4 Qc7 12. Bf3 Rb8 13. g4 Re8 14. g5 Nd7 15. Bh1
Bf8 16. Rf3 g6 17. Rh3 Bg7 18. Qg4 b5 19. axb5 axb5 20. Qe2 Qb7 21. Qf2 b4 22.
Nd1 Ra8 23. Rxa8 Qxa8 24. Qd2 Rd8 25. Qc1 Bb7 26. Nf2 Qa2 27. Nd1 Nc5 28. Nxc5
dxc5 29. c3 Na5 30. Bf3 Qc4 31. cxb4 cxb4 32. Qxc4 Nxc4 33. b3 Nxe3 34. Nxe3
Rd3 35. Kf2 Bd4 36. Be2 Rxb3 0-1

[Event "Plzen, JF A"]
[Site "?"]
[Date "1998.??.??"]
[Round "5.7"]
[White "Novak, P."]
[Black "Loidl, F."]
[Result "1-0"]
[WhiteElo "2210"]
[BlackElo "2027"]
[PlyCount "81"]
[EventDate "1998.??.??"]
[Source "ChessBase"]
[SourceDate "1996.11.15"]

1. e4 c5 2. d4 cxd4 3. c3 d5 4. exd5 Qxd5 5. cxd4 Nc6 6. Nf3 Bg4 7. Be2 e6 8.
Nc3 Qd8 9. O-O Nf6 10. h3 Bh5 11. Be3 Be7 12. Qb3 O-O 13. Rfd1 Na5 14. Qa4 Nd5
15. Rac1 Nc6 16. a3 a6 17. b4 b5 18. Qb3 Rc8 19. Ne4 h6 20. Nc5 Bxc5 21. dxc5
Qe7 22. Rd2 Rfd8 23. Rcd1 Rc7 24. g4 Bg6 25. Nd4 Qh4 26. Nxc6 Rxc6 27. Bf4 Rcc8
28. Qg3 Qf6 29. Be5 Qe7 30. Bf3 f6 31. Bd6 Qe8 32. Re1 Qf7 33. Rxe6 Nc3 34. Re3
Rxd6 35. Qxd6 Qc4 36. Bd5+ Nxd5 37. Qxd5+ Bf7 38. Qxc4 Bxc4 39. Re7 Rf8 40.
Rdd7 Rf7 41. Rxf7 1-0

[Event "Plzen, JF A"]
[Site "?"]
[Date "1998.??.??"]
[Round "5.8"]
[White "Virostko, P."]
[Black "Paramonov, D."]
[Result "1-0"]
[WhiteElo "2190"]
[BlackElo "2200"]
[PlyCount "49"]
[EventDate "1998.??.??"]
[Source "ChessBase"]
[SourceDate "1996.11.15"]

1. e4 c5 2. Nf3 d6 3. d4 cxd4 4. Nxd4 Nf6 5. Nc3 a6 6. Bc4 e6 7. Bb3 b5 8. O-O
b4 9. Na4 Bb7 10. Re1 Be7 11. c3 O-O 12. cxb4 Nxe4 13. f3 Nf6 14. Rxe6 d5 15.
Rb6 Ra7 16. Bf4 Nfd7 17. Bxb8 Nxb8 18. b5 a5 19. Kh1 Bd6 20. Rxd6 Qxd6 21. b6
Ra6 22. Nb5 Qc6 23. Nc7 Rxb6 24. Nxd5 Kh8 25. Ndxb6 1-0

[Event "Plzen, JF A"]
[Site "?"]
[Date "1998.??.??"]
[Round "5.9"]
[White "Vaculik, M."]
[Black "Jirka, J."]
[Result "1/2-1/2"]
[WhiteElo "2130"]
[BlackElo "2295"]
[PlyCount "86"]
[EventDate "1998.??.??"]
[Source "ChessBase"]
[SourceDate "1996.11.15"]

1. e4 e5 2. Nf3 Nc6 3. Bb5 Nd4 4. Nxd4 exd4 5. d3 Bc5 6. O-O c6 7. Bc4 d5 8.
exd5 cxd5 9. Bb3 Ne7 10. Bf4 O-O 11. Nd2 Be6 12. h3 Qd7 13. Nf3 f6 14. Rc1 b5
15. c3 dxc3 16. Rxc3 Bb6 17. a4 d4 18. Rc1 Nd5 19. Bg3 a6 20. Re1 Bf7 21. axb5
axb5 22. Re4 Qa7 23. Qc2 Nb4 24. Qd1 Rfd8 25. Nxd4 Rxd4 26. Rxd4 Bxd4 27. Rc7
Bxf2+ 28. Kf1 Bxg3 29. Bxf7+ Kf8 30. Rxa7 Rxa7 31. Qb3 Nc6 32. Qc3 Re7 33. Bd5
Re1+ 34. Qxe1 Bxe1 35. Kxe1 Nb4 36. Be4 g6 37. Kd2 f5 38. Bf3 Ke7 39. Kc3 Na6
40. Bc6 b4+ 41. Kc4 Kd6 42. Bb5 Nc7 43. Kxb4 Nd5+ 1/2-1/2

[Event "Plzen, JF A"]
[Site "?"]
[Date "1998.??.??"]
[Round "5.13"]
[White "Brychta, J."]
[Black "Starostits, A."]
[Result "0-1"]
[WhiteElo "2048"]
[BlackElo "2140"]
[PlyCount "118"]
[EventDate "1998.??.??"]
[Source "ChessBase"]
[SourceDate "1996.11.15"]

1. e4 c6 2. d4 d5 3. Nc3 dxe4 4. Nxe4 Nd7 5. Bd3 Ngf6 6. Ng5 e6 7. N1f3 Bd6 8.
Qe2 h6 9. Ne4 Nxe4 10. Qxe4 Nf6 11. Qe2 Qc7 12. Bd2 b6 13. O-O-O Bb7 14. Rhe1
O-O 15. Kb1 c5 16. dxc5 bxc5 17. c4 e5 18. Nxe5 Bxe5 19. Qxe5 Qxe5 20. Rxe5 Ng4
21. Rf5 Rfd8 22. Ba5 Rxd3 23. Rxd3 Be4 24. Rff3 Ne5 25. Kc2 Bxf3 26. gxf3 Nxd3
27. Kxd3 f5 28. a3 Kf7 29. b4 Rc8 30. b5 Ke6 31. a4 Ke5 32. Bd2 g5 33. a5 Rd8+
34. Kc3 f4 35. a6 Kd6 36. Kc2 Re8 37. Kd3 Kc7 38. Ba5+ Kc8 39. Bc3 Rd8+ 40. Kc2
Rd6 41. h3 Re6 42. Kd3 Re7 43. Kd2 Kc7 44. Ba5+ Kb8 45. Bc3 Kc8 46. Kd3 Rd7+
47. Kc2 Rd6 48. Bg7 Re6 49. Bf8 Re2+ 50. Kd3 Rxf2 51. Ke4 Rc2 52. Bxc5 Rxc4+
53. Kd5 Rxc5+ 54. Kxc5 Kc7 55. b6+ axb6+ 56. Kb5 h5 57. a7 Kb7 58. a8=Q+ Kxa8
59. Kxb6 g4 0-1

[Event "Plzen, JF A"]
[Site "?"]
[Date "1998.??.??"]
[Round "5.14"]
[White "Kolar, J."]
[Black "Decka, E."]
[Result "1/2-1/2"]
[WhiteElo "1999"]
[BlackElo "2100"]
[PlyCount "106"]
[EventDate "1998.??.??"]
[Source "ChessBase"]
[SourceDate "1996.11.15"]

1. e4 c5 2. Nc3 e6 3. Nge2 Nc6 4. d4 cxd4 5. Nxd4 d6 6. Be3 a6 7. Bc4 Qc7 8.
Bb3 Nf6 9. Qe2 b5 10. Nxc6 Qxc6 11. Bd4 e5 12. Nd5 Be6 13. Nxf6+ gxf6 14. Bxe6
fxe6 15. Bc3 O-O-O 16. a4 bxa4 17. O-O d5 18. exd5 exd5 19. Qg4+ Kb7 20. Ba5
Rd7 21. Qxa4 Qxa4 22. Rxa4 Bc5 23. Rfa1 Rc8 24. Bd2 Rd6 25. Kf1 Ba7 26. c3 d4
27. f4 e4 28. Rb4+ Bb6 29. cxd4 Rxd4 30. Rxd4 Bxd4 31. Ra4 Rd8 32. Ke2 Rd5 33.
Rb4+ Kc6 34. f5 a5 35. Ra4 Bxb2 36. Rxa5 Rxa5 37. Bxa5 Kd5 38. g4 Be5 39. Bd8
Kd6 40. Ke3 Kd5 41. h4 Bd4+ 42. Ke2 h6 43. Ba5 Bc5 44. Bc3 Be7 45. Bd2 Bf8 46.
Bf4 Kc4 47. Bc7 Kd5 48. Bf4 Kc4 49. Ke3 Kd5 50. Kd2 Kc4 51. Be3 Kd5 52. Ke2 Kc4
53. Bc1 Kd5 1/2-1/2

[Event "Plzen, JF A"]
[Site "?"]
[Date "1998.??.??"]
[Round "5.16"]
[White "Soukup, J."]
[Black "Koutecky, V."]
[Result "1/2-1/2"]
[WhiteElo "2140"]
[BlackElo "1834"]
[PlyCount "134"]
[EventDate "1998.??.??"]
[Source "ChessBase"]
[SourceDate "1996.11.15"]

1. e4 c5 2. Nf3 e6 3. d4 cxd4 4. Nxd4 a6 5. Nc3 Qc7 6. Be3 Nc6 7. Be2 Nf6 8.
Qd2 Bb4 9. f3 Na5 10. g4 d5 11. g5 Nd7 12. O-O Bxc3 13. bxc3 Nc4 14. Bxc4 Qxc4
15. Rae1 O-O 16. h4 b5 17. h5 dxe4 18. f4 Bb7 19. Nb3 Rad8 20. Na5 Qc7 21. Nxb7
Qxb7 22. Qh2 Qd5 23. Bd4 Qf5 24. Re3 Nc5 25. Rg3 g6 26. hxg6 fxg6 27. Qh6 Rf7
28. Rf2 Rd5 29. Rh3 b4 30. Bxc5 Rd1+ 31. Kg2 Qxc5 32. cxb4 Qd5 33. Re3 Rd2 34.
Qh4 e5 35. Rxd2 Qxd2+ 36. Qf2 Qd8 37. Rxe4 exf4 38. Re5 f3+ 39. Kh1 Qd7 40. Kh2
Qc7 41. Qg3 Qxc2+ 42. Kh1 Qb1+ 43. Re1 Qb2 44. Qh3 Rf8 45. Rf1 f2 46. Qe6+ Kh8
47. Qe7 Kg8 48. Qe6+ Kg7 49. Kg2 Qd4 50. a4 Rf5 51. Qe7+ Rf7 52. Qe6 Qxb4 53.
Qe5+ Kg8 54. Rxf2 Qb7+ 55. Kg3 Qc7 56. Re2 Re7 57. Qxc7 Rxc7 58. Re6 a5 59. Re5
Ra7 60. Rb5 Kf7 61. Re5 Kg7 62. Kg4 h5+ 63. gxh6+ Kxh6 64. Rb5 Ra6 65. Rc5 Kg7
66. Kg5 Kf7 67. Re5 Ra7 1/2-1/2

[Event "Plzen, JF A"]
[Site "?"]
[Date "1998.??.??"]
[Round "5.17"]
[White "Konigova, P."]
[Black "Dvorak, T."]
[Result "0-1"]
[WhiteElo "1896"]
[BlackElo "2110"]
[PlyCount "80"]
[EventDate "1998.??.??"]
[Source "ChessBase"]
[SourceDate "1996.11.15"]

1. e4 e5 2. Nf3 Nc6 3. Bb5 a6 4. Ba4 Nf6 5. O-O Be7 6. Re1 b5 7. Bb3 O-O 8. h3
d6 9. c3 Na5 10. Bc2 c5 11. d4 Qc7 12. Nbd2 cxd4 13. cxd4 Nc6 14. Nb3 a5 15.
Be3 Be6 16. Bd3 Bc4 17. Rc1 Bxd3 18. Qxd3 Qb7 19. Nbd2 Rac8 20. a3 Rfd8 21. d5
Nb8 22. Nf1 Na6 23. Ng3 Nd7 24. Nf5 Bf8 25. Nd2 Nac5 26. Qe2 Kh8 27. Bxc5 Rxc5
28. Rxc5 Nxc5 29. Qf3 Rc8 30. Rc1 Na4 31. Rxc8 Qxc8 32. Nb3 Nxb2 33. Nxa5 Qc1+
34. Kh2 Nc4 35. Nb7 Nd2 36. Qd3 Nf1+ 37. Kg1 Ne3+ 38. Kh2 Nxf5 39. exf5 Qc4 40.
Qf3 Qc7 0-1

[Event "Plzen, JF A"]
[Site "?"]
[Date "1998.??.??"]
[Round "5.19"]
[White "Pirklova, H."]
[Black "Tokmachev, V."]
[Result "1-0"]
[WhiteElo "1854"]
[BlackElo "1950"]
[PlyCount "43"]
[EventDate "1998.??.??"]
[Source "ChessBase"]
[SourceDate "1996.11.15"]

1. e4 c5 2. Nf3 Nc6 3. d4 cxd4 4. Nxd4 g6 5. Nc3 Bg7 6. Be3 Nf6 7. Be2 O-O 8.
f4 d5 9. e5 Ne4 10. O-O Kh8 11. Bf3 Nxc3 12. bxc3 Rg8 13. Nxc6 bxc6 14. c4 g5
15. cxd5 g4 16. Be4 g3 17. Qh5 gxh2+ 18. Qxh2 h6 19. f5 Qc7 20. Bxh6 Rd8 21.
Bxg7+ Kxg7 22. f6+ 1-0

[Event "Plzen, JF A"]
[Site "?"]
[Date "1998.??.??"]
[Round "5.20"]
[White "Hrbolka, L."]
[Black "Micanek, T."]
[Result "1/2-1/2"]
[WhiteElo "2075"]
[BlackElo "1914"]
[PlyCount "80"]
[EventDate "1998.??.??"]
[Source "ChessBase"]
[SourceDate "1996.11.15"]

1. e4 c5 2. Nf3 Nc6 3. d4 cxd4 4. Nxd4 e5 5. Nb5 d6 6. N1c3 a6 7. Na3 b5 8. Nd5
Nf6 9. Bg5 Be7 10. Bxf6 Bxf6 11. c3 Be6 12. Nc2 Ne7 13. Nce3 Bg5 14. a4 Bxe3
15. Nxe3 Rb8 16. axb5 axb5 17. Ra6 d5 18. exd5 Nxd5 19. Qh5 Nxe3 20. Rxe6+ Kf8
21. fxe3 fxe6 22. Be2 Qc7 23. O-O+ Kg8 24. Bxb5 g6 25. Qg4 Rxb5 26. Qxe6+ Kg7
27. Qf6+ Kh6 28. Qxh8 Rxb2 29. Qf8+ Qg7 30. Qd8 Qb7 31. Qh4+ Kg7 32. Qg3 Qe4
33. Qg5 Re2 34. Qe7+ Kh6 35. Qf8+ Kh5 36. Qf3+ Qxf3 37. Rxf3 e4 38. Rh3+ Kg5
39. Kf1 Rc2 40. Rxh7 Rxc3 1/2-1/2

[Event "Plzen, JF A"]
[Site "?"]
[Date "1998.??.??"]
[Round "5.21"]
[White "Hodova, L."]
[Black "Flaisigova, P."]
[Result "0-1"]
[WhiteElo "1744"]
[BlackElo "2055"]
[PlyCount "62"]
[EventDate "1998.??.??"]
[Source "ChessBase"]
[SourceDate "1996.11.15"]

1. e4 c5 2. Nf3 Nc6 3. d4 cxd4 4. Nxd4 Nf6 5. Nc3 e5 6. Ndb5 d6 7. Bg5 a6 8.
Na3 b5 9. Bxf6 gxf6 10. Nd5 Bg7 11. c3 f5 12. exf5 Bxf5 13. Nc2 O-O 14. Nce3
Be6 15. Bd3 f5 16. Qh5 e4 17. Bc2 Ne7 18. Bb3 Kh8 19. Nxe7 Qxe7 20. Nd5 Bxd5
21. Bxd5 Rac8 22. O-O Rc5 23. Rad1 Qe5 24. Bb3 a5 25. a4 b4 26. cxb4 axb4 27.
Rd2 Qe7 28. Qe2 f4 29. Re1 f3 30. Qe3 Qh4 31. Rd5 Qg4 0-1

[Event "Plzen, JF A"]
[Site "?"]
[Date "1998.??.??"]
[Round "5.23"]
[White "Rozmbersky, D."]
[Black "Vagner, T."]
[Result "1-0"]
[WhiteElo "2110"]
[BlackElo "1759"]
[PlyCount "67"]
[EventDate "1998.??.??"]
[Source "ChessBase"]
[SourceDate "1996.11.15"]

1. d4 d5 2. c4 c6 3. e3 e6 4. Nf3 Nf6 5. Nc3 Bd6 6. Bd3 Nbd7 7. e4 dxc4 8. Bxc4
Nb6 9. Bd3 Be7 10. O-O O-O 11. Qe2 Nbd7 12. Rd1 b6 13. Bg5 h6 14. Bf4 Re8 15.
Rac1 Bb7 16. Bb1 Nf8 17. Qd2 Ng6 18. e5 Nxf4 19. exf6 Bd6 20. fxg7 Kxg7 21. Ne4
Ng6 22. Qc3 f6 23. Nxd6 Qxd6 24. Ne5 fxe5 25. Qg3 Rg8 26. Qxg6+ Kf8 27. Qxh6+
Kf7 28. Qh5+ Kf6 29. Qh6+ Kf7 30. dxe5 Qe7 31. Rc4 Rxg2+ 32. Kxg2 Rg8+ 33. Kh3
Rg7 34. Qf6+ 1-0